000 00267nam a2200121Ia 4500
008 190216s9999||||xx |||||||||||||| ||und||
100 _aTheraja B L
245 0 _aModern Physics
260 _bS Chand & Co
_c1999
300 _a432 p
650 _aPhysics
942 _cBK
999 _c33079
_d33079